LEADER 01296nam a2200313 a 4500 001 000000138518 003 CaOOAMICUS 005 20140527102808.0 008 140527s2013 it u000 u ita r 020 $a88-14-17422-9 040 $aPUL$bita 082 04$a340.54 100 1 $aTalamanca, Mario.$0(OLS)http://pul/name/4682 245 10$aElementi di diritto privato romano /$cMario Talamanca. 250 $a2. ed. aggiornata a cura di Luigi Capogrossi Colognesi e Giovanni Finazzi. 260 $aMilano :$bGiuffrè,$c2013. 300 $aXXII, 376 p. ;$c24 cm 650 4$aDiritto romano privato.$0(OLS)http://pul/subject/988 700 1 $aCapogrossi Colognesi, Luigi.$0(OLS)http://pul/name/22842 700 1 $aFinazzi, Giovanni.$0(OLS)http://pul/name/47753 850 $aPUL 852 $aPUL$W1$xSL Diritto e Scienze Sociali 3$y79$m340. 54 TALMA 1$j159795$qDDC 21$B159307$CPULBib$Z2$F159307 $H124076 $82 941 1 $a9 960 $aDiritto privato romano$9988 996 $6020$a88-14-17422-9$9(OLS)http://pul/number/155338 996 $6082$a340.54$9(OLS)http://pul/classification/477 996 $6245$aElementi di diritto privato romano$9(OLS)http://pul/title/100940 996 $6260$aMilano :$bGiuffrè$9(OLS)http://pul/publisher/48401 LEADER 01055nam a2200265 u 4500 001 000000057758 003 CaOOAMICUS 005 20070226120622.0 008 010516s1982 fr u000 u fre u 020 $a2204018015 035 $a10889089 040 $aPUL(R)$bita 245 12$aL'ancien et le nouveau /$cJ. Doré ... [et al.]. 260 $aParis :$bLes Éditions du Cerf,$c1982. 300 $a258 p. ;$c22 cm 500 $a"Travaux de l'U.E.R. de théologie et de sciences religieuses (Paris) dirigés par Joseph Doré" 650 4$aTeologia.$0(OLS)http://pul/subject/118 700 1 $aDoré, Joseph,$d1936-$0(OLS)http://pul/name/27752 850 $aPUL 852 $aPUL$W1$xSL Religione 1$y3$m58 M 17$j75484$nBK-PRI$b $qStampati$B75484$CPULBib$Z2$F75484 $H $81 941 1 $a8 961 $aINV: 50702 996 $6020$a2204018015$9(OLS)http://pul/number/73033 996 $6245$aL'ancien et le nouveau$9(OLS)http://pul/title/77324 996 $6260$aParis :$bLes Éditions du Cerf$9(OLS)http://pul/publisher/47861